<?xml version="1.0" encoding="UTF-8"?>
<collection xmlns="http://www.loc.gov/MARC21/slim">
 <record>
  <leader>01520nam a2200217Ia 4500</leader>
  <controlfield tag="001">CTU_137878</controlfield>
  <controlfield tag="008">210402s9999    xx            000 0 und d</controlfield>
  <datafield tag="020" ind1=" " ind2=" ">
   <subfield code="c">90.31</subfield>
  </datafield>
  <datafield tag="082" ind1=" " ind2=" ">
   <subfield code="a">305.235</subfield>
  </datafield>
  <datafield tag="082" ind1=" " ind2=" ">
   <subfield code="b">S819</subfield>
  </datafield>
  <datafield tag="100" ind1=" " ind2=" ">
   <subfield code="a">Steinberg, Laurence D.</subfield>
  </datafield>
  <datafield tag="245" ind1=" " ind2="0">
   <subfield code="a">Adolescence</subfield>
  </datafield>
  <datafield tag="245" ind1=" " ind2="0">
   <subfield code="c">Laurence Steinberg</subfield>
  </datafield>
  <datafield tag="260" ind1=" " ind2=" ">
   <subfield code="a">Boston, Mass.</subfield>
  </datafield>
  <datafield tag="260" ind1=" " ind2=" ">
   <subfield code="b">McGraw-Hill Higher Education</subfield>
  </datafield>
  <datafield tag="260" ind1=" " ind2=" ">
   <subfield code="c">2005</subfield>
  </datafield>
  <datafield tag="520" ind1=" " ind2=" ">
   <subfield code="a">&quot;Adolescence,&quot; 7th edition by Laurence Steinberg has been thoroughly updated to reflect current findings in the field of adolescent development. In this edition, the author continues to utilize the effective combination of a friendly writing style, thorough research and a contextual approach that emphasizes adolescence in contemporary society. The text's careful organization ensures maximum teaching flexibility that allows the chapters to work together or be covered in sequence or stand alone. Ethnicity and minority issues are thoroughly discussed in a way that enables students to see how the adolescent experience is shaped by class and culture. The strong pedagogical framework helps students organize and integrate material. &quot;Adolescence,&quot; 7th edition, is based on solid research and theory, yet it has a distinctively &quot; real world&quot; feel that emphasizes the reality of being an adolescent in today's society.</subfield>
  </datafield>
  <datafield tag="650" ind1=" " ind2=" ">
   <subfield code="a">Adolescent psychology,Tâm lý học thanh niên</subfield>
  </datafield>
  <datafield tag="650" ind1=" " ind2=" ">
   <subfield code="x">Textbooks,Sách giáo khoa</subfield>
  </datafield>
  <datafield tag="904" ind1=" " ind2=" ">
   <subfield code="i">Giang</subfield>
  </datafield>
  <datafield tag="980" ind1=" " ind2=" ">
   <subfield code="a">Trung tâm Học liệu Trường Đại học Cần Thơ</subfield>
  </datafield>
 </record>
</collection>
